Normal view
MARC view
- الشعر العربي - تاريخ ونقد - العصر الجاهلي - نقد وتفسير
Entry Topical Term
001 - CONTROL NUMBER
- control field: 43504
003 - CONTROL NUMBER IDENTIFIER
- control field: JO-AjAnu
005 - DATE AND TIME OF LATEST TRANSACTION
- control field: 20230606081217.0
008 - FIXED-LENGTH DATA ELEMENTS
- fixed length control field: 230606|| aca||aabn | a|a d
040 ## - CATALOGING SOURCE
- Original cataloging agency: JO-AjAnu
- Transcribing agency: JO-AjAnu
150 ## - HEADING--TOPICAL TERM
- Topical term or geographic name entry element: الشعر العربي - تاريخ ونقد - العصر الجاهلي - نقد وتفسير
670 ## - SOURCE DATA FOUND
- Source citation: Work cat.: (JO-AjAnu)22275: تأليف العمري،زينب عبد العزيز, author 43503, السمات الحضارية في شعر الأعشى: دراسة لغوية وحضارية